000 00945cam a2200289 a 4500
001 1719
003 BD-RjUL
005 20211208233409.0
008 131208s1999 nyu b 001 0 eng
020 _a0195126793 (cloth : acidfree paper)
035 _a(BD-RjUL)1746
040 _aDLC
_cDLC
_dDLC
_dBD-RjUL
_beng
041 _aeng
082 0 0 _a171.7
_221
_bCOM 1999
100 1 _aCook, John W.
_q(John Webber),
_d1930-
_95693
245 1 0 _aMorality and cultural differences /
_cJohn W. Cook.
260 _aNew York :
_bOxford University Press,
_cc1999.
300 _ax, 204 p. ;
_c24 cm.
504 _aIncludes bibliographical references (p. 175-199) and index.
650 0 _aEthics.
_95694
650 0 _aAnthropology.
_95695
650 0 _aEthical relativism.
_95696
856 4 2 _3Publisher description
_uhttp://www.loc.gov/catdir/enhancements/fy0603/98027685-d.html
942 _2ddc
_cBK
999 _c1719
_d1719